000 00347nam a2200157Ia 4500
008 210210b xxu||||| |||| 00| 0 eng d
041 _aeng
082 _a874/39
100 _aJOSEPH MUNDASHERI
245 _aPrabandha deepika
260 _a
_b-
_c
650 _aPrabandha
650 _adeepika
690 _aMalayalam Criticism
906 _a002622
999 _c124592
_d124592